00877nam a2200253Ia 4500008004100000020002000041040001400061082002000075100003600095245002100131260003800152300001800190365002800208366000800236505001400244530003000258620010200288630002100390650002300411730002100434942000900455999001900464952014000483100315s9999 xx 000 0 und d a81-87105-05-4  cENGLISH  b7185 a004.6  a"McLaren, Tim, Myers, Stephen " aMCSE Study Guide aNEW DELHI bTECHMEDIA  c1997  a"xxi,1138  " eRupees d1 b425.00  f0  gVaibhav  bDonated by RBI Library   a"TCP/IP MCP, Systems Management Server, Microsoft Certified Systems Engineer, Computer Science " aMCSE Study Guide aCOMPUTER SCIENCE  aMCSE Study Guide cBOOK c481920d481917 00104070aVPMBRIMSbVPMBRIMSd2009-03-23g425.00l0o004.6 /MCL/MYE  7185 pVPMBRIMS-7185 r2010-03-19 00:00:00w2010-03-19yBOOK